|
|
|
|
| LEADER |
01688nam a2200397 i 4500 |
| 001 |
EBC4394203 |
| 003 |
MiAaPQ |
| 005 |
20200520144314.0 |
| 006 |
m o d | |
| 007 |
cr cnu|||||||| |
| 008 |
160319t20152015sw ad obm 000 0 eng d |
| 020 |
|
|
|a 9789176859629 (e-book)
|
| 035 |
|
|
|a (MiAaPQ)EBC4394203
|
| 035 |
|
|
|a (Au-PeEL)EBL4394203
|
| 035 |
|
|
|a (CaPaEBR)ebr11160699
|
| 035 |
|
|
|a (OCoLC)945609774
|
| 040 |
|
|
|a MiAaPQ
|b eng
|e rda
|e pn
|c MiAaPQ
|d MiAaPQ
|
| 050 |
|
4 |
|a RC469
|b .W735 2015
|
| 082 |
0 |
|
|a 616.89075
|2 23
|
| 100 |
1 |
|
|a Wardig, Rikard,
|e author.
|
| 245 |
1 |
0 |
|a Common people :
|b physical health, lifestyle and quality of life in persons with psychosis and their striving to be like everybody else /
|c Rikard Wardig.
|
| 264 |
|
1 |
|a Linkoping, Sweden :
|b Linkoping University,
|c 2015.
|
| 264 |
|
4 |
|c 2015
|
| 300 |
|
|
|a 1 online resource (117 pages) :
|b illustrations, tables.
|
| 336 |
|
|
|a text
|2 rdacontent
|
| 337 |
|
|
|a computer
|2 rdamedia
|
| 338 |
|
|
|a online resource
|2 rdacarrier
|
| 490 |
1 |
|
|a Linkoping University medical dissertations,
|x 0345-0082 ;
|v Number 1478
|
| 504 |
|
|
|a Includes bibliographical references.
|
| 588 |
|
|
|a Description based on online resource; title from PDF title page (ebrary, viewed March 21, 2016).
|
| 590 |
|
|
|a Electronic reproduction. Ann Arbor, MI : ProQuest, 2016. Available via World Wide Web. Access may be limited to ProQuest affiliated libraries.
|
| 650 |
|
0 |
|a Mental illness
|x Diagnosis.
|
| 655 |
|
4 |
|a Electronic books.
|
| 797 |
2 |
|
|a ProQuest (Firm)
|
| 830 |
|
0 |
|a Linkoping University medical dissertations ;
|v Number 1478.
|
| 856 |
4 |
0 |
|u https://ebookcentral.proquest.com/lib/matrademy/detail.action?docID=4394203
|z Click to View
|